<?xml version="1.0" encoding="UTF-8"?>
<collection xmlns="http://www.loc.gov/MARC21/slim">
 <record>
  <leader>00407pamaa2200145   4500</leader>
  <controlfield tag="001">0000019887</controlfield>
  <controlfield tag="005">20130828090000.0</controlfield>
  <datafield tag="020" ind1="0" ind2="0">
   <subfield code="a">0283998474 </subfield>
  </datafield>
  <datafield tag="082" ind1=" " ind2=" ">
   <subfield code="a">001.942 UFO</subfield>
  </datafield>
  <datafield tag="090" ind1="0" ind2="0">
   <subfield code="a">TL789 </subfield>
   <subfield code="b">UFO 1989</subfield>
  </datafield>
  <datafield tag="245" ind1="0" ind2="4">
   <subfield code="a">The UFO report 1990  </subfield>
   <subfield code="c">edited by Timothy Good.</subfield>
  </datafield>
  <datafield tag="260" ind1="0" ind2="0">
   <subfield code="a">London: </subfield>
   <subfield code="b">Sidgwick &amp; Jackson, </subfield>
   <subfield code="c">c1989.</subfield>
  </datafield>
  <datafield tag="300" ind1=" " ind2=" ">
   <subfield code="a">vii, 224p.: </subfield>
   <subfield code="b">ill.; </subfield>
   <subfield code="c">25cm.</subfield>
  </datafield>
  <datafield tag="650" ind1="0" ind2="0">
   <subfield code="a">Unidentified flying objects </subfield>
  </datafield>
  <datafield tag="700" ind1="1" ind2="1">
   <subfield code="a">Good, </subfield>
   <subfield code="h">Timothy </subfield>
  </datafield>
 </record>
</collection>
